01729nam a2200265Ia 4500003000400000005001700004008004000021020001900061040000700080041000800087082001300095100002500108245003400133260005300167300000800220520093000228650002201158650001701180650002401197690002201221906001101243942001201254999001901266952017801285OSt20250412123946.0210210b2004 xxu||||| |||| 00| 0 eng d a978-8123903040 cAL aeng a531 IROF aIRODOV (I E)9208280 aFundamental laws of mechanics aNew DelhibCBS Publishers and Distributorsc2004 a271 aThe book consists of two parts: (1) classical mechanics and (2) relativistic mechanics. In the first part the laws of mechanics are treated in the Newtonian approximation i.e. when motion velocities are much less than the velocity of light, while in the second part of the book velocities comparable to that of light are considered. Each chapter opens with a theoretical essay followed by a number of the most instructive and interesting examples and problems, with solutions provided. There are about 80 problems altogether; being closely associated with the introductory text, they develop and supplement it and therefore their examination is of equal inportance. A few corrections and refinements have been made in the present edition to stress the physical essence of the problems studied. This holds true primarily for Newton’s second law and the conservation laws. Some new examples and problems have been provided. amechanics9208281 alaws9208282 aFundamental9208283 aMechanics9208284 a074166 2ddccBK c123902d123902 00102ddc40708PHYaALbALcPhysicsd2021-02-17eSapna Book House Pvt Ltd, K S Rao Road, Mangalore-575001g150.00l0o531 IROFp074166r2021-02-17 00:00:00w2021-02-17yBK